<?xml version="1.0" encoding="UTF-8"?>
<record
    xmlns:xsi="http://www.w3.org/2001/XMLSchema-instance"
    xsi:schemaLocation="http://www.loc.gov/MARC21/slim http://www.loc.gov/standards/marcxml/schema/MARC21slim.xsd"
    xmlns="http://www.loc.gov/MARC21/slim">

  <leader>     nam a22     7a 4500</leader>
  <datafield tag="999" ind1=" " ind2=" ">
    <subfield code="c">43835</subfield>
    <subfield code="d">43835</subfield>
  </datafield>
  <controlfield tag="003">OSt</controlfield>
  <controlfield tag="005">20180224170033.0</controlfield>
  <controlfield tag="008">180224b        xxu||||| |||| 00| 0 eng d</controlfield>
  <datafield tag="040" ind1=" " ind2=" ">
    <subfield code="c">SERO SOFT</subfield>
  </datafield>
  <datafield tag="100" ind1=" " ind2=" ">
    <subfield code="a">AHUJA,RAM</subfield>
  </datafield>
  <datafield tag="245" ind1=" " ind2=" ">
    <subfield code="a">SAMAJIK SAMASAYAA</subfield>
  </datafield>
  <datafield tag="260" ind1=" " ind2=" ">
    <subfield code="a">NEW DELHI</subfield>
    <subfield code="b">RAWAT PUBLICATION</subfield>
  </datafield>
  <datafield tag="300" ind1=" " ind2=" ">
    <subfield code="a">482</subfield>
  </datafield>
  <datafield tag="942" ind1=" " ind2=" ">
    <subfield code="2">ddc</subfield>
    <subfield code="c">02</subfield>
  </datafield>
  <datafield tag="952" ind1=" " ind2=" ">
    <subfield code="0">0</subfield>
    <subfield code="1">0</subfield>
    <subfield code="2">ddc</subfield>
    <subfield code="4">0</subfield>
    <subfield code="7">0</subfield>
    <subfield code="a">04</subfield>
    <subfield code="b">04</subfield>
    <subfield code="d">2018-02-24</subfield>
    <subfield code="e">bansal book GHZ</subfield>
    <subfield code="g">350.00</subfield>
    <subfield code="i">6160 24/02/2018</subfield>
    <subfield code="l">2</subfield>
    <subfield code="o">361.10954AHU</subfield>
    <subfield code="p">04-B-5879</subfield>
    <subfield code="r">2019-05-29</subfield>
    <subfield code="s">2019-02-25</subfield>
    <subfield code="w">2018-02-24</subfield>
    <subfield code="y">02</subfield>
  </datafield>
  <datafield tag="952" ind1=" " ind2=" ">
    <subfield code="0">0</subfield>
    <subfield code="1">0</subfield>
    <subfield code="2">ddc</subfield>
    <subfield code="4">0</subfield>
    <subfield code="7">0</subfield>
    <subfield code="a">04</subfield>
    <subfield code="b">04</subfield>
    <subfield code="d">2018-02-24</subfield>
    <subfield code="e">bansal book GHZ</subfield>
    <subfield code="g">350.00</subfield>
    <subfield code="i">6160 24/02/2018</subfield>
    <subfield code="l">8</subfield>
    <subfield code="o">361.10954AHU</subfield>
    <subfield code="p">04-B-5880</subfield>
    <subfield code="q">2026-07-31</subfield>
    <subfield code="r">2026-02-16</subfield>
    <subfield code="s">2026-02-16</subfield>
    <subfield code="w">2018-02-24</subfield>
    <subfield code="y">02</subfield>
  </datafield>
  <datafield tag="952" ind1=" " ind2=" ">
    <subfield code="0">0</subfield>
    <subfield code="1">0</subfield>
    <subfield code="2">ddc</subfield>
    <subfield code="4">0</subfield>
    <subfield code="7">0</subfield>
    <subfield code="a">04</subfield>
    <subfield code="b">04</subfield>
    <subfield code="d">2018-02-24</subfield>
    <subfield code="e">bansal book GHZ</subfield>
    <subfield code="g">350.00</subfield>
    <subfield code="i">6160 24/02/2018</subfield>
    <subfield code="l">6</subfield>
    <subfield code="o">361.10954AHU</subfield>
    <subfield code="p">04-B-5881</subfield>
    <subfield code="q">2026-07-31</subfield>
    <subfield code="r">2026-02-26</subfield>
    <subfield code="s">2026-02-26</subfield>
    <subfield code="w">2018-02-24</subfield>
    <subfield code="y">02</subfield>
  </datafield>
  <datafield tag="952" ind1=" " ind2=" ">
    <subfield code="0">0</subfield>
    <subfield code="1">0</subfield>
    <subfield code="2">ddc</subfield>
    <subfield code="4">0</subfield>
    <subfield code="7">0</subfield>
    <subfield code="a">04</subfield>
    <subfield code="b">04</subfield>
    <subfield code="d">2018-02-24</subfield>
    <subfield code="e">bansal book GHZ</subfield>
    <subfield code="g">350.00</subfield>
    <subfield code="i">6160 24/02/2018</subfield>
    <subfield code="l">5</subfield>
    <subfield code="o">361.10954AHU</subfield>
    <subfield code="p">04-B-5882</subfield>
    <subfield code="q">2026-07-31</subfield>
    <subfield code="r">2026-02-16</subfield>
    <subfield code="s">2026-02-16</subfield>
    <subfield code="w">2018-02-24</subfield>
    <subfield code="y">02</subfield>
  </datafield>
  <datafield tag="952" ind1=" " ind2=" ">
    <subfield code="0">0</subfield>
    <subfield code="1">0</subfield>
    <subfield code="2">ddc</subfield>
    <subfield code="4">0</subfield>
    <subfield code="7">0</subfield>
    <subfield code="a">04</subfield>
    <subfield code="b">04</subfield>
    <subfield code="d">2018-02-24</subfield>
    <subfield code="e">bansal book GHZ</subfield>
    <subfield code="g">350.00</subfield>
    <subfield code="i">6160 24/02/2018</subfield>
    <subfield code="l">8</subfield>
    <subfield code="o">361.10954AHU</subfield>
    <subfield code="p">04-B-5883</subfield>
    <subfield code="q">2026-07-31</subfield>
    <subfield code="r">2026-02-13</subfield>
    <subfield code="s">2026-02-13</subfield>
    <subfield code="w">2018-02-24</subfield>
    <subfield code="y">02</subfield>
  </datafield>
  <datafield tag="952" ind1=" " ind2=" ">
    <subfield code="0">0</subfield>
    <subfield code="1">0</subfield>
    <subfield code="2">ddc</subfield>
    <subfield code="4">0</subfield>
    <subfield code="7">0</subfield>
    <subfield code="a">04</subfield>
    <subfield code="b">04</subfield>
    <subfield code="d">2018-02-24</subfield>
    <subfield code="e">bansal book GHZ</subfield>
    <subfield code="g">350.00</subfield>
    <subfield code="i">6160 24/02/2018</subfield>
    <subfield code="l">8</subfield>
    <subfield code="o">361.10954AHU</subfield>
    <subfield code="p">04-B-5884</subfield>
    <subfield code="q">2026-07-31</subfield>
    <subfield code="r">2026-02-13</subfield>
    <subfield code="s">2026-02-13</subfield>
    <subfield code="w">2018-02-24</subfield>
    <subfield code="y">02</subfield>
  </datafield>
  <datafield tag="952" ind1=" " ind2=" ">
    <subfield code="0">0</subfield>
    <subfield code="1">0</subfield>
    <subfield code="2">ddc</subfield>
    <subfield code="4">0</subfield>
    <subfield code="7">0</subfield>
    <subfield code="a">04</subfield>
    <subfield code="b">04</subfield>
    <subfield code="d">2018-02-24</subfield>
    <subfield code="e">bansal book GHZ</subfield>
    <subfield code="g">350.00</subfield>
    <subfield code="i">6160 24/02/2018</subfield>
    <subfield code="l">6</subfield>
    <subfield code="o">361.10954AHU</subfield>
    <subfield code="p">04-B-5885</subfield>
    <subfield code="r">2025-06-09</subfield>
    <subfield code="s">2025-02-20</subfield>
    <subfield code="w">2018-02-24</subfield>
    <subfield code="y">02</subfield>
  </datafield>
  <datafield tag="952" ind1=" " ind2=" ">
    <subfield code="0">0</subfield>
    <subfield code="1">0</subfield>
    <subfield code="2">ddc</subfield>
    <subfield code="4">0</subfield>
    <subfield code="7">0</subfield>
    <subfield code="a">04</subfield>
    <subfield code="b">04</subfield>
    <subfield code="d">2018-02-24</subfield>
    <subfield code="e">bansal book GHZ</subfield>
    <subfield code="g">350.00</subfield>
    <subfield code="i">6160 24/02/2018</subfield>
    <subfield code="l">8</subfield>
    <subfield code="o">361.10954AHU</subfield>
    <subfield code="p">04-B-5886</subfield>
    <subfield code="r">2025-06-30</subfield>
    <subfield code="s">2025-02-20</subfield>
    <subfield code="w">2018-02-24</subfield>
    <subfield code="y">02</subfield>
  </datafield>
  <datafield tag="952" ind1=" " ind2=" ">
    <subfield code="0">0</subfield>
    <subfield code="1">0</subfield>
    <subfield code="2">ddc</subfield>
    <subfield code="4">0</subfield>
    <subfield code="7">0</subfield>
    <subfield code="a">04</subfield>
    <subfield code="b">04</subfield>
    <subfield code="d">2018-02-24</subfield>
    <subfield code="e">bansal book GHZ</subfield>
    <subfield code="g">350.00</subfield>
    <subfield code="i">6160 24/02/2018</subfield>
    <subfield code="l">9</subfield>
    <subfield code="o">361.10954AHU</subfield>
    <subfield code="p">04-B-5887</subfield>
    <subfield code="r">2026-03-06</subfield>
    <subfield code="s">2026-03-06</subfield>
    <subfield code="w">2018-02-24</subfield>
    <subfield code="y">02</subfield>
  </datafield>
  <datafield tag="952" ind1=" " ind2=" ">
    <subfield code="0">0</subfield>
    <subfield code="1">0</subfield>
    <subfield code="2">ddc</subfield>
    <subfield code="4">0</subfield>
    <subfield code="7">0</subfield>
    <subfield code="a">04</subfield>
    <subfield code="b">04</subfield>
    <subfield code="d">2018-02-24</subfield>
    <subfield code="e">bansal book GHZ</subfield>
    <subfield code="g">350.00</subfield>
    <subfield code="i">6160 24/02/2018</subfield>
    <subfield code="l">8</subfield>
    <subfield code="o">361.10954AHU</subfield>
    <subfield code="p">04-B-5888</subfield>
    <subfield code="q">2026-07-31</subfield>
    <subfield code="r">2026-02-18</subfield>
    <subfield code="s">2026-02-18</subfield>
    <subfield code="w">2018-02-24</subfield>
    <subfield code="y">02</subfield>
  </datafield>
</record>
